Statistics for 各都道府県で最も面積の大きい市町村

Click here to take the quiz!

General Stats

  • This quiz has been taken 14 times
  • The average score is 32 of 47

Answer Stats

順位都道府県市町村面積% Correct
21京都府京都市827.83
100%
1岐阜県高山市2,177.61
92%
8富山県富山市1,241.70
92%
2静岡県浜松市1,558.06
92%
13山口県山口市1,023.23
92%
24鳥取県鳥取市765.31
92%
47大阪府大阪市225.33
92%
12和歌山県田辺市1,026.91
83%
3栃木県日光市1,449.83
83%
5山形県鶴岡市1,311.51
83%
7広島県庄原市1,246.49
83%
9福島県いわき市1,232.51
83%
14長野県松本市978.47
75%
15愛知県豊田市918.32
75%
46東京都奥多摩町225.53
75%
19青森県むつ市864.20
75%
31滋賀県高島市693.05
75%
42香川県高松市375.54
75%
22宮城県栗原市805.00
75%
25石川県白山市754.92
75%
26島根県益田市733.19
75%
6岩手県宮古市1,259.15
75%
30兵庫県豊岡市697.55
67%
41神奈川県横浜市438.01
67%
39福岡県北九州市492.50
67%
40佐賀県唐津市487.60
67%
10秋田県由利本荘市1,209.59
67%
23群馬県みなかみ町781.08
67%
28三重県津市711.18
67%
38埼玉県秩父市577.83
67%
44千葉県市原市368.16
67%
18宮崎県延岡市868.02
67%
17福井県大野市872.43
67%
34奈良県十津川村672.38
67%
11新潟県村上市1,174.17
58%
16大分県佐伯市903.14
58%
33鹿児島県薩摩川内市682.92
50%
29長崎県対馬市707.42
50%
36山梨県北杜市602.48
42%
37愛媛県久万高原町583.69
42%
35高知県四万十町642.28
42%
32熊本県天草市683.82
42%
4北海道北見市1,427.41
42%
20岡山県真庭市828.53
42%
27徳島県三好市721.42
42%
43茨城県常陸太田市371.99
33%
45沖縄県竹富町334.39
25%

Score Distribution

Percentile by Number Answered

Percent of People with Each Score

Your Score History

You have not taken this quiz